| 000 | 00651nam a2200181 i 4500 | ||
|---|---|---|---|
| 001 | 19661 | ||
| 003 | ES-MaACL | ||
| 005 | 20230906152137.0 | ||
| 007 | t| | ||
| 008 | 021007s1953 sp ||||1| spa d | ||
| 100 | 0 |
_aAbelló, José _918076 |
|
| 245 | 1 | 0 |
_aVascularización de las lesiones tuberculosas de pulmón y quimioterapia en la tuberculosis pulmonar / _cpor José Abelló. |
| 260 |
_aMadrid : _b[s.n.], _c1953 ( _fGráf. González) |
||
| 300 |
_a28 p., 13 lám. ; _c24 cm. |
||
| 500 | _aEs separata de la Revista de Sanidad e Higiene Pública, mayo-junio 1953, año XXVII. | ||
| 852 |
_aES-MaACL _j1951-F-2 _bR.34790 |
||
| 999 |
_c19661 _d19661 |
||